[Event "Women's Speed Chess Q1"]
[Site "chess.com INT"]
[Date "2021.05.28"]
[Round "1"]
[White "Mkrtchian, Lilit"]
[Black "Eswaran, Aksithi"]
[Result "1-0"]
[WhiteTitle "IM"]
[BlackTitle "WCM"]
[WhiteElo "2388"]
[BlackElo "1745"]
[WhiteFideId "13300601"]
[BlackFideId "2083485"]
[EventDate "2021.05.28"]

1. e4 c5 2. Nc3 Nc6 3. Nge2 g6 4. d4 cxd4 5. Nxd4 Bg7 6. Be3 d6 7. Qd2 Nf6 8. f3
O-O 9. O-O-O Bd7 10. g4 Rc8 11. h4 h5 12. g5 Ne8 13. Kb1 Na5 14. Nd5 e6 15. Nc3
Nc4 16. Bxc4 Rxc4 17. Qd3 Rc8 18. f4 Nc7 19. f5 e5 20. Nde2 gxf5 21. exf5 Bc6
22. Rhg1 d5 23. f6 d4 24. fxg7 Re8 25. g6 f6 26. Nxd4 exd4 27. Bxd4 Kxg7 28. Qf5
Rf8 29. Qxh5 Rh8 30. Qf5 Rf8 31. h5 Qe7 32. h6+ Kxh6 33. g7 1-0

[Event "Women's Speed Chess Q1"]
[Site "chess.com INT"]
[Date "2021.05.28"]
[Round "1"]
[White "Franco Valencia, Angela"]
[Black "Ramirez, Maria Eugenia"]
[Result "1-0"]
[WhiteTitle "WIM"]
[BlackTitle "WFM"]
[WhiteElo "2089"]
[BlackElo "2057"]
[WhiteFideId "4403070"]
[BlackFideId "3301680"]
[EventDate "2021.05.28"]

1. e4 e5 2. Nf3 Nc6 3. Bc4 Nf6 4. d3 d5 5. exd5 Nxd5 6. O-O Be7 7. Re1 O-O 8.
Nxe5 Nxe5 9. Rxe5 Nb6 10. Bb3 Kh8 11. Nc3 Bd6 12. Re1 Qh4 13. g3 Qh3 14. Qf3 f5
15. Qg2 Qg4 16. h3 Qg6 17. Bd2 f4 18. gxf4 Bxh3 19. Qxg6 hxg6 20. Kh2 Bg4 21.
Kg3 Bh5 22. Ne4 Be7 23. Rh1 c6 24. Be6 Kh7 25. f5 Nd5 26. c4 Nf6 27. Ng5+ Kh8
28. fxg6 Bd6+ 29. Kg2 Rae8 30. Rae1 Rxe6 31. Rxe6 Bc5 32. Bc3 Kg8 33. Bxf6 gxf6
34. Rxh5 fxg5 35. f3 Rd8 36. Rh7 b5 37. cxb5 cxb5 38. Rc7 Bb6 39. Rb7 Bd4 40.
Kg3 Bxb2 41. Kg4 Bc1 42. Rxa7 Rd4+ 43. Kg3 Bf4+ 44. Kg2 Rd8 45. Rae7 Rxd3 46. g7
Rd8 47. Rh6 Rd2+ 48. Kf1 Rh2 49. Rxh2 Bxh2 50. Rb7 b4 51. Kg2 Bd6 52. Kh3 Bf4
53. Kg4 Bd2 54. Kf5 Bc3 55. Kg6 Bxg7 56. Rxg7+ 1-0

[Event "Women's Speed Chess Q1"]
[Site "chess.com INT"]
[Date "2021.05.28"]
[Round "1"]
[White "Nguyen, Thi Mai Hung"]
[Black "Thipsay, Bagyashree Sathe"]
[Result "1-0"]
[WhiteTitle "WGM"]
[BlackTitle "WIM"]
[WhiteElo "2254"]
[BlackElo "2072"]
[WhiteFideId "12401676"]
[BlackFideId "5001013"]
[EventDate "2021.05.28"]

1. d4 d5 2. Nf3 Nf6 3. g3 Bf5 4. Bg2 c6 5. O-O h6 6. c4 e6 7. b3 Nbd7 8. Bb2 Be7
9. Nbd2 O-O 10. Rc1 Bh7 11. Ne5 a5 12. a3 Re8 13. e3 Rc8 14. Qe2 Qb6 15. Rfd1
Qa6 16. Nxd7 Nxd7 17. e4 Nf6 18. e5 Nd7 19. f4 Nb6 20. Re1 Red8 21. c5 Qxe2 22.
Rxe2 Nd7 23. Re3 Ra8 24. Nb1 Nb8 25. Nc3 Na6 26. Na4 Re8 27. Nb6 Rad8 28. Bc3
Nxc5 29. Bxa5 Na6 30. b4 Nc7 31. Na4 Nb5 32. Bxd8 Rxd8 33. Rd1 Ra8 34. Nc5 b6
35. Nd7 Nxa3 36. Nxb6 Ra6 37. Ra1 Bxb4 38. Nd7 Ra7 39. Rb3 c5 40. Nxc5 1-0

[Event "Women's Speed Chess Q1"]
[Site "chess.com INT"]
[Date "2021.05.28"]
[Round "1"]
[White "Sviridova, Vlada"]
[Black "Buksa, Nataliya"]
[Result "0-1"]
[WhiteTitle "WFM"]
[BlackTitle "IM"]
[WhiteElo "2144"]
[BlackElo "2414"]
[WhiteFideId "24109606"]
[BlackFideId "14123622"]
[EventDate "2021.05.28"]

1. d4 d5 2. c4 e6 3. Nf3 Nf6 4. Nc3 Be7 5. Bf4 O-O 6. e3 b6 7. cxd5 Nxd5 8. Nxd5
Qxd5 9. Bd3 Qa5+ 10. Nd2 Ba6 11. Bxa6 Nxa6 12. O-O Rac8 13. a3 c5 14. dxc5 Qxc5
15. Qa4 Qa5 16. Qd7 Bf6 17. Nb3 Qd5 18. Qxd5 exd5 19. Nd4 Nc5 20. Rad1 Rfd8 21.
h3 h6 22. g4 Ne4 23. Kg2 Rc4 24. f3 Nc5 25. b4 Na4 26. Rd2 Rdc8 27. Rfd1 Nc3 28.
Rc1 Bxd4 29. Rxd4 Ne2 30. Rcxc4 dxc4 31. Rd2 Nxf4+ 32. exf4 b5 33. Kf2 Kf8 34.
Ke2 Ke7 35. Kd1 Rd8 36. h4 Rxd2+ 37. Kxd2 Kd6 38. Kc3 Kd5 39. h5 f6 40. Kc2 Kd4
41. Kd2 c3+ 42. Kc2 Kc4 43. f5 Kd4 44. f4 Kc4 45. g5 Kd4 46. g6 Kc4 47. Kc1 Kb3
48. Kb1 Kxa3 49. Kc2 Kxb4 0-1

[Event "Women's Speed Chess Q1"]
[Site "chess.com INT"]
[Date "2021.05.28"]
[Round "1"]
[White "Ambartsumova, Karina"]
[Black "Martynkova, Olena"]
[Result "1-0"]
[WhiteTitle "IM"]
[BlackTitle "WIM"]
[WhiteElo "2382"]
[BlackElo "2195"]
[WhiteFideId "4166299"]
[BlackFideId "14134039"]
[EventDate "2021.05.28"]

1. c4 Nf6 2. Nf3 g6 3. b3 Bg7 4. Bb2 Kf8 5. g3 Kg8 6. Bg2 d6 7. d4 h5 8. h4 Bf5
9. O-O c6 10. Nbd2 Ne4 11. Nxe4 Bxe4 12. Qd2 Nd7 13. Rfe1 d5 14. Rad1 e6 15. Ng5
Bxg2 16. Kxg2 Bh6 17. e4 Bxg5 18. hxg5 Nb6 19. Qf4 Qb8 20. Qh4 Kg7 21. Bc1 Qd8
22. Bf4 Nd7 23. Bd6 Re8 24. Qf4 f5 25. Bc7 e5 26. Bxe5+ Nxe5 27. dxe5 fxe4 28.
Qf6+ Qxf6 29. exf6+ Kf7 30. cxd5 Re5 31. dxc6 bxc6 32. Rd7+ Ke6 33. Re7+ Kf5 34.
Rxe5+ Kxe5 35. f3 Kf5 36. fxe4+ Kxg5 37. Rf1 Rf8 38. e5 1-0

[Event "Women's Speed Chess Q1"]
[Site "chess.com INT"]
[Date "2021.05.28"]
[Round "1"]
[White "Soumya, Swaminathan"]
[Black "Padmini, Rout"]
[Result "0-1"]
[WhiteTitle "IM"]
[BlackTitle "IM"]
[WhiteElo "2351"]
[BlackElo "2370"]
[WhiteFideId "5016193"]
[BlackFideId "5029295"]
[EventDate "2021.05.28"]

1. Nf3 c5 2. c4 g6 3. d4 cxd4 4. Qxd4 Nf6 5. Nc3 Nc6 6. Qd1 Bg7 7. e4 O-O 8. Be2
d6 9. O-O Bg4 10. h3 Bxf3 11. Bxf3 Rc8 12. Be2 Nd7 13. Be3 Nc5 14. Rb1 Ne6 15.
Qd2 Ned4 16. Bg4 f5 17. exf5 Nxf5 18. Bf4 e5 19. Qd5+ Kh8 20. Bd2 Qe7 21. Ne4
Rcd8 22. Bc3 Nfd4 23. c5 dxc5 24. Qxc5 Qf7 25. Rfe1 h6 26. Rbd1 b6 27. Qa3 a5
28. Nd6 Qf6 29. Nc4 Qxf2+ 0-1

[Event "Women's Speed Chess Q1"]
[Site "chess.com INT"]
[Date "2021.05.28"]
[Round "1"]
[White "Berend, Elvira"]
[Black "Nandhidhaa, P V"]
[Result "1/2-1/2"]
[WhiteTitle "WGM"]
[BlackTitle "WGM"]
[WhiteElo "2326"]
[BlackElo "2365"]
[WhiteFideId "4000510"]
[BlackFideId "5050847"]
[EventDate "2021.05.28"]

1. e4 c5 2. Nf3 Nc6 3. d4 cxd4 4. Nxd4 Nf6 5. Nc3 d6 6. Bg5 e6 7. Qd2 Be7 8.
O-O-O a6 9. f4 Bd7 10. Be2 b5 11. Bf3 Rc8 12. e5 dxe5 13. Nxc6 Bxc6 14. Bxc6+
Rxc6 15. Qe2 Nd7 16. Qf3 Rc7 17. Ne4 O-O 18. Kb1 Bxg5 19. fxg5 Qe7 20. h4 Rfc8
21. Rd2 Nb6 22. Nf6+ gxf6 23. gxf6 Qf8 24. Rh3 Kh8 25. Rg3 Nd5 26. Rg7 Rc4 27.
Rxd5 exd5 28. Qh5 Qxg7 29. fxg7+ Kxg7 30. Qxe5+ f6 31. Qe7+ Kg6 32. h5+ Kxh5 33.
Qxh7+ Kg5 34. Qg7+ Kf5 35. Qd7+ Ke5 36. Qe7+ Kf5 37. Qd7+ Ke5 38. Qe7+ Kf5 39.
Qd7+ 1/2-1/2

[Event "Women's Speed Chess Q1"]
[Site "chess.com INT"]
[Date "2021.05.28"]
[Round "1"]
[White "Tarini, Goyal"]
[Black "Sliwicka, Alicja"]
[Result "0-1"]
[WhiteTitle "WFM"]
[BlackTitle "WIM"]
[WhiteElo "2164"]
[BlackElo "2346"]
[WhiteFideId "5082749"]
[BlackFideId "1150677"]
[EventDate "2021.05.28"]

1. d4 Nf6 2. Nf3 c5 3. d5 b5 4. g3 Bb7 5. c4 bxc4 6. Nc3 e6 7. Bg2 exd5 8. Ne5
Nc6 9. Nxd5 Nxe5 10. Nxf6+ Qxf6 11. Bxb7 Rb8 12. Bd5 Be7 13. O-O O-O 14. Bf4 Rb6
15. Rb1 Ng6 16. Bc7 Rxb2 17. Bxc4 Rxb1 18. Qxb1 Qc6 19. Ba5 d5 20. Bb5 Qe6 21.
Bd3 h5 22. Bf5 Qd6 23. Bd2 Ne5 24. Bf4 g6 25. Bc2 Qe6 26. Rd1 Bf6 27. Qb7 Nc6
28. e4 Nd4 29. Bb1 Ne2+ 30. Kh1 Nxf4 31. gxf4 d4 32. f5 Qe7 33. Qd5 Rd8 34. Qc4
g5 35. h4 g4 36. Bd3 Bxh4 37. Rc1 Bxf2 38. Qxc5 Qh4+ 39. Kg2 Qg3+ 40. Kf1 Qxd3+
41. Kxf2 Qxe4 42. f6 Qf4+ 43. Kg2 Re8 44. Rf1 Re2+ 45. Kg1 Qg3+ 0-1

[Event "Women's Speed Chess Q1"]
[Site "chess.com INT"]
[Date "2021.05.28"]
[Round "1"]
[White "Zhai, Mo"]
[Black "Pujari, Rucha"]
[Result "0-1"]
[WhiteTitle "WGM"]
[BlackTitle "WIM"]
[WhiteElo "2366"]
[BlackElo "2244"]
[WhiteFideId "8600201"]
[BlackFideId "5024528"]
[EventDate "2021.05.28"]

1. Nf3 d5 2. g3 Nf6 3. Bg2 e6 4. O-O Be7 5. c4 O-O 6. b3 c5 7. Bb2 d4 8. e3 Nc6
9. exd4 cxd4 10. Re1 Re8 11. d3 Bb4 12. Nbd2 e5 13. a3 Bc3 14. Qc2 Bxb2 15. Qxb2
Bf5 16. Qc2 Rc8 17. Ng5 h6 18. Nge4 Nxe4 19. Nxe4 Qd7 20. b4 b6 21. Rac1 Bh3 22.
Bxh3 Qxh3 23. Nd6 f5 24. Nxc8 Rxc8 25. b5 Ne7 26. Rxe5 Ng6 27. Re6 f4 28. Rf6
gxf6 29. Qe2 Ne5 30. f3 fxg3 31. hxg3 Qxg3+ 32. Kh1 Qh3+ 33. Kg1 Kh8 34. Kf2 Rg8
35. Ke1 Nxf3+ 36. Kd1 Rg1+ 37. Kc2 Rg2 0-1

[Event "Women's Speed Chess Q1"]
[Site "chess.com INT"]
[Date "2021.05.28"]
[Round "1"]
[White "Gaponenko, Inna"]
[Black "Antova, Gabriela"]
[Result "0-1"]
[WhiteTitle "IM"]
[BlackTitle "FM"]
[WhiteElo "2357"]
[BlackElo "2250"]
[WhiteFideId "14101181"]
[BlackFideId "2915235"]
[EventDate "2021.05.28"]

1. e4 c5 2. c3 d5 3. exd5 Qxd5 4. d4 Nf6 5. Nf3 e6 6. Bd3 Be7 7. O-O O-O 8. Qe2
Nc6 9. Rd1 cxd4 10. cxd4 b6 11. Nc3 Qh5 12. Bf4 Bb7 13. Rac1 Rfd8 14. Bb1 Nb4
15. Ne5 Qxe2 16. Nxe2 Rac8 17. a3 Nbd5 18. Bd2 Ne8 19. Rxc8 Rxc8 20. Rc1 Rxc1+
21. Bxc1 Nd6 22. f3 f6 23. Nd3 h5 24. Ndf4 Nxf4 25. Nxf4 g5 26. Nxh5 Nf5 27.
Bxf5 exf5 28. Ng3 f4 29. Ne2 Kf7 30. Kf2 Ke6 31. g3 fxg3+ 32. hxg3 Kd5 33. Be3
Kc4 34. Nc1 b5 35. Ke2 Bc8 36. Kd2 Bf5 0-1

[Event "Women's Speed Chess Q1"]
[Site "chess.com INT"]
[Date "2021.05.28"]
[Round "1"]
[White "Kanyamarala, Trisha"]
[Black "Gu, Xiaobing"]
[Result "1-0"]
[WhiteTitle "WIM"]
[BlackTitle "WGM"]
[WhiteElo "2180"]
[BlackElo "2263"]
[WhiteFideId "45004722"]
[BlackFideId "8602611"]
[EventDate "2021.05.28"]

1. d4 Nf6 2. c4 g6 3. Nc3 Bg7 4. e4 O-O 5. Nf3 d6 6. Be2 e5 7. d5 a5 8. h3 Na6
9. Bg5 Nc5 10. Nd2 Qe8 11. O-O Bd7 12. Rb1 h6 13. Be3 Nh7 14. Nb5 Bxb5 15. cxb5
f5 16. Bxc5 dxc5 17. b6 cxb6 18. Qb3 Qd8 19. Nc4 a4 20. Qxb6 Nf6 21. exf5 Ra6
22. Qxd8 Rxd8 23. Nxe5 Rb6 24. Nxg6 Nxd5 25. Bc4 Kh7 26. b3 Nc3 27. Rb2 a3 28.
Rc2 Ne4 29. Re1 Nd2 30. Kh2 Nxc4 31. Rxc4 Rd2 32. Rxc5 Rxa2 33. Rc7 Rxf2 34.
Ree7 h5 35. Rxg7+ Kh6 36. h4 Rxf5 37. Ne7 Rff6 38. Ng8# 1-0

[Event "Women's Speed Chess Q1"]
[Site "chess.com INT"]
[Date "2021.05.28"]
[Round "1"]
[White "Obregon Garcia, Roxangel"]
[Black "Paehtz, Elisabeth"]
[Result "0-1"]
[WhiteTitle "WIM"]
[BlackTitle "IM"]
[WhiteElo "2167"]
[BlackElo "2456"]
[WhiteFideId "3520420"]
[BlackFideId "4641833"]
[EventDate "2021.05.28"]

1. e4 c5 2. Nf3 d6 3. d4 cxd4 4. Qxd4 a6 5. h3 Nc6 6. Qe3 Nf6 7. Be2 g6 8. O-O
Bg7 9. Rd1 Bd7 10. c4 O-O 11. Nc3 Qb8 12. Rb1 Rc8 13. b3 Be8 14. Bb2 Nd7 15. Rd2
Nc5 16. Rbd1 Ne6 17. Nd5 Bxb2 18. Rxb2 Rd8 19. Ng5 b5 20. Rbd2 bxc4 21. Bxc4
Nxg5 22. Qxg5 Qb7 23. h4 Kg7 24. h5 f6 25. Qg3 Ne5 26. Be2 Bf7 27. f4 Nc6 28.
Bc4 Na5 29. Be2 Rac8 30. Bg4 Rc6 31. e5 dxe5 32. fxe5 Bxd5 33. Rxd5 Rxd5 34.
Rxd5 Rc1+ 35. Rd1 Rxd1+ 36. Bxd1 Nc6 37. exf6+ exf6 38. Bf3 Qb6+ 39. Kh2 Ne5 40.
hxg6 hxg6 41. Be4 Qd4 42. Bf3 a5 43. Qh3 Qf4+ 44. Qg3 Qd2 45. a3 Qc3 46. Bd5 Qc5
47. Be6 Qxa3 48. Qc3 Qd6 49. Bh3 Nf3+ 0-1

[Event "Women's Speed Chess Q1"]
[Site "chess.com INT"]
[Date "2021.05.28"]
[Round "1"]
[White "Girya, Olga"]
[Black "Starosta, Martyna"]
[Result "1-0"]
[WhiteTitle "WGM"]
[BlackTitle "WCM"]
[WhiteElo "2451"]
[BlackElo "1910"]
[WhiteFideId "4195752"]
[BlackFideId "21818754"]
[EventDate "2021.05.28"]

1. d4 Nf6 2. Nf3 e6 3. c4 c5 4. d5 b5 5. Bg5 h6 6. Bxf6 Qxf6 7. Nc3 bxc4 8. e4
exd5 9. Nxd5 Qd8 10. Bxc4 Nc6 11. O-O Be7 12. Nxe7 Qxe7 13. Bd5 Rb8 14. Bxc6
dxc6 15. Qc2 O-O 16. Rac1 c4 17. Rfe1 c5 18. Nd2 Be6 19. Re2 Rfd8 20. Nxc4 Bxc4
21. Qxc4 Rb4 22. Qc2 Rbd4 23. h3 Qg5 24. Rce1 c4 25. Qc3 Qb5 26. Re3 Rd2 27. Rg3
R8d4 28. Qf3 g6 29. e5 R4d3 30. Qg4 Rxg3 31. Qxg3 Qxb2 32. e6 fxe6 33. Qxg6+ Qg7
34. Qxe6+ Kh7 35. Qe4+ Kh8 36. Qe8+ Kh7 37. Re7 Rd1+ 38. Kh2 Re1 39. Rxg7+ Kxg7
40. Qxe1 1-0

[Event "Women's Speed Chess Q1"]
[Site "chess.com INT"]
[Date "2021.05.28"]
[Round "1"]
[White "Von Herman, Brigitte"]
[Black "Mamedjarova, Turkan"]
[Result "0-1"]
[WhiteTitle "WFM"]
[BlackTitle "WGM"]
[WhiteElo "1991"]
[BlackElo "2309"]
[WhiteFideId "4628730"]
[BlackFideId "13402005"]
[EventDate "2021.05.28"]

1. e4 e5 2. Nf3 Nc6 3. Bc4 Bc5 4. d3 Nf6 5. c3 d6 6. Nbd2 O-O 7. O-O h6 8. Re1
a6 9. Bb3 Ba7 10. Nf1 Nh5 11. Ng3 Bg4 12. Be3 Nf4 13. h3 Bxf3 14. Qxf3 Nxd3 15.
Qg4 Nxe1 16. Bxh6 Qf6 17. Nf5 g6 18. Bxf8 Kxf8 19. Rxe1 gxf5 20. exf5 Ke7 21.
Qe4 Rg8 22. g4 Qh4 23. Qf3 Na5 24. Bc2 Nc4 25. b3 Nd2 26. Qg2 Bxf2+ 27. Qxf2
Nf3+ 28. Qxf3 Qxe1+ 29. Kg2 Qd2+ 30. Qf2 Qxc3 31. f6+ Kd8 32. Bf5 c5 33. h4 d5
34. Qf3 Qd2+ 35. Kg3 Qe1+ 36. Qf2 Qc3+ 37. Qf3 Qd4 38. g5 Rh8 39. Bg4 b5 40. Qf5
Qe3+ 41. Kg2 Qd2+ 42. Kh1 Rxh4+ 43. Kg1 Qd4+ 44. Kg2 Qxg4+ 0-1

[Event "Women's Speed Chess Q1"]
[Site "chess.com INT"]
[Date "2021.05.28"]
[Round "1"]
[White "Vo, Thi Kim Phung"]
[Black "Vargas, Gabriela"]
[Result "0-1"]
[WhiteTitle "WGM"]
[BlackTitle "WIM"]
[WhiteElo "2335"]
[BlackElo "2170"]
[WhiteFideId "12401838"]
[BlackFideId "3700860"]
[EventDate "2021.05.28"]

1. d4 d5 2. c4 e6 3. Nc3 c6 4. e4 Bb4 5. cxd5 exd5 6. e5 Ne7 7. Bd3 Bf5 8. Ne2
O-O 9. O-O Nd7 10. Ng3 Bxd3 11. Qxd3 c5 12. f4 cxd4 13. Nce2 Qb6 14. Kh1 Rac8
15. a3 Nc5 16. Qxd4 Nb3 17. Qxb6 axb6 18. Rb1 Bc5 19. Rd1 Rfd8 20. Rd3 Nxc1 21.
Rxc1 Bf2 22. Rf1 Bxg3 23. Nxg3 Rc2 24. b4 Rdc8 25. h3 R8c3 26. Rff3 Rc1+ 27. Kh2
R3c2 28. f5 f6 29. exf6 gxf6 30. Rfe3 Kf7 31. Re2 Rxe2 32. Nxe2 Nxf5 33. Rxd5
Re1 34. Rxf5 Rxe2 35. Rb5 Re6 36. a4 Ke7 37. a5 bxa5 38. Rxb7+ Kd8 39. bxa5 Ra6
40. Rxh7 Rxa5 41. Rf7 Rf5 42. h4 Ke8 43. Ra7 Kf8 44. Kh3 Kg8 45. Kg4 Rf1 46. g3
Kh8 47. Kh5 Rg1 48. g4 Rg2 0-1

[Event "Women's Speed Chess Q1"]
[Site "chess.com INT"]
[Date "2021.05.28"]
[Round "1"]
[White "Nguyen, Thi Thanh An"]
[Black "Morris-Suzuki, Sophie"]
[Result "1-0"]
[WhiteTitle "WGM"]
[BlackTitle "WFM"]
[WhiteElo "2259"]
[BlackElo "2043"]
[WhiteFideId "12400300"]
[BlackFideId "30922615"]
[EventDate "2021.05.28"]

1. d4 d5 2. Bf4 Nf6 3. e3 e6 4. Nf3 Bd6 5. Ne5 O-O 6. c4 c5 7. dxc5 Bxc5 8. Nc3
Nc6 9. cxd5 Nxd5 10. Nxd5 exd5 11. Nxc6 bxc6 12. Bd3 Qa5+ 13. Kf1 Ba6 14. h3
Rad8 15. Kg1 d4 16. e4 Qb6 17. b3 Bb4 18. Kh2 Bc3 19. Rb1 Rfe8 20. Qf3 Qa5 21.
a4 c5 22. Rhd1 Bb7 23. Qg3 Rc8 24. Bh6 g6 25. Qf4 Qc7 26. f3 Qxf4+ 27. Bxf4 Kg7
28. Bd2 Bxd2 29. Rxd2 Kf6 30. Rc1 Ke5 31. Rdc2 Kd6 32. Bb5 Re7 33. b4 Rec7 34.
bxc5+ Rxc5 35. Rxc5 Rxc5 36. Rxc5 Kxc5 37. Kg1 Bc6 38. Bxc6 Kxc6 39. Kf2 Kc5 40.
Ke2 Kc4 41. f4 d3+ 42. Kd2 Kd4 43. e5 Ke4 44. g3 Kf3 45. Kxd3 Kxg3 46. Ke4 Kxh3
47. f5 gxf5+ 48. Kxf5 h5 49. Kf6 Kg3 50. Kxf7 h4 51. e6 h3 52. e7 h2 53. e8=Q
h1=Q 54. Qb8+ Kg4 55. Qc8+ Kf4 56. Qc7+ Kf5 57. Qd7+ Kg5 58. Qb5+ Kf4 59. Ke6
Qe4+ 60. Kd7 Qd4+ 61. Kc7 Qc3+ 62. Kb7 Qg7+ 63. Ka6 Ke4 64. Qb7+ Qxb7+ 65. Kxb7 1-0

[Event "Women's Speed Chess Q1"]
[Site "chess.com INT"]
[Date "2021.05.28"]
[Round "1"]
[White "Chu, Ruotong"]
[Black "Priyanka, K"]
[Result "1-0"]
[WhiteTitle "WIM"]
[BlackTitle "WIM"]
[WhiteElo "2207"]
[BlackElo "2218"]
[WhiteFideId "8605653"]
[BlackFideId "5082986"]
[EventDate "2021.05.28"]

1. d4 Nf6 2. c4 g6 3. Nc3 Bg7 4. e4 d6 5. Nf3 O-O 6. h3 e5 7. d5 a5 8. Be3 Na6
9. g4 Nc5 10. Nd2 Ne8 11. h4 f5 12. g5 f4 13. Bxc5 dxc5 14. Qf3 Nd6 15. O-O-O a4
16. Bh3 Bxh3 17. Rxh3 Kf7 18. Rg1 Qd7 19. h5 Rh8 20. Rgh1 Rhe8 21. a3 Rh8 22.
Qe2 Rhe8 23. Nb5 Rh8 24. Nxd6+ cxd6 25. Nb1 Rhb8 26. Nc3 Rc8 27. Nb5 Rh8 28. Qd1
Rhb8 29. hxg6+ hxg6 30. Rh7 Rh8 31. Rxh8 Bxh8 32. Rh7+ Bg7 33. Qh1 Rg8 34. Qd1
Ra8 35. Qh1 Rg8 36. Qh6 Rb8 37. Qxg7+ 1-0

[Event "Women's Speed Chess Q1"]
[Site "chess.com INT"]
[Date "2021.05.28"]
[Round "1"]
[White "Pourkashiyan, Atousa"]
[Black "Dubnikova, Anastasia"]
[Result "1/2-1/2"]
[WhiteTitle "WGM"]
[BlackTitle "WFM"]
[WhiteElo "2322"]
[BlackElo "2197"]
[WhiteFideId "12502014"]
[BlackFideId "44153759"]
[EventDate "2021.05.28"]

1. e4 e6 2. d4 d5 3. Nd2 c5 4. exd5 exd5 5. Ngf3 Nc6 6. Bb5 Bd6 7. dxc5 Bxc5 8.
O-O Ne7 9. Nb3 Bd6 10. Re1 O-O 11. h3 Bf5 12. c3 a6 13. Bd3 Bxd3 14. Qxd3 Qd7
15. Be3 Rae8 16. Rad1 Bb8 17. Bc5 Qc7 18. g3 h6 19. Kg2 Ba7 20. Bxa7 Nxa7 21.
Nbd4 Nac6 22. Nxc6 bxc6 23. Qxa6 Ra8 24. Qe2 Ng6 25. a3 Rfb8 26. Rd2 Rb6 27. h4
Rab8 28. h5 Nf8 29. Nd4 Qd8 30. a4 Ra8 31. b3 c5 32. Nb5 Ne6 33. Red1 Qg5 34.
Qe3 Qxe3 35. fxe3 c4 36. bxc4 dxc4 37. Rd6 Rxd6 38. Rxd6 Rxa4 39. g4 Ra5 40. Nd4
Ra3 41. Ne2 Ra2 42. Kf1 Ng5 43. Rd4 Nf3 44. Rd8+ Kh7 45. Nf4 Nh2+ 46. Kg1 Nxg4
47. Re8 Rc2 48. Nd5 f6 49. e4 Ne5 50. Rc8 Re2 51. Rc7 Kg8 52. Ne7+ Kf8 53. Nf5
Rc2 54. Rc8+ Kf7 55. Rc7+ Kf8 56. Rc8+ Kf7 57. Rc7+ Kf8 1/2-1/2

[Event "Women's Speed Chess Q1"]
[Site "chess.com INT"]
[Date "2021.05.28"]
[Round "1"]
[White "Kazarian, Anna-Maja"]
[Black "Bodnaruk, Anastasia"]
[Result "1-0"]
[WhiteTitle "FM"]
[BlackTitle "IM"]
[WhiteElo "2096"]
[BlackElo "2457"]
[WhiteFideId "1033689"]
[BlackFideId "4181751"]
[EventDate "2021.05.28"]

1. e4 c5 2. Nf3 d6 3. d4 cxd4 4. Nxd4 Nf6 5. Nc3 a6 6. Be2 e5 7. Nb3 Be7 8. O-O
O-O 9. Kh1 b6 10. f4 Bb7 11. Bf3 b5 12. f5 Nbd7 13. a4 b4 14. Nd5 Bxd5 15. exd5
e4 16. Be2 Nb6 17. Nd4 Nbxd5 18. Nc6 Qc7 19. Nxe7+ Qxe7 20. Qd4 Rfc8 21. Bc4
Rxc4 22. Qxc4 e3 23. Re1 a5 24. c3 bxc3 25. bxc3 Qe5 26. Qd4 Re8 27. Qxe5 Rxe5
28. c4 Nb4 29. Rxe3 Rxf5 30. Bd2 Nc2 31. Rb1 h5 32. Rf3 Rc5 33. Rc3 Nb4 34. Rcb3
Nc6 35. Rc1 Ne4 36. Be3 Re5 37. h3 f5 38. Bf4 Rc5 39. Kh2 g5 40. Be3 Re5 41. Bb6
g4 42. hxg4 fxg4 43. Be3 g3+ 44. Kg1 h4 45. Rf1 Ne7 46. Bd4 Re6 47. Rb8+ Kh7 48.
Rbf8 Nd2 49. R8f7+ Kh6 50. R1f6+ Rxf6 51. Rxf6+ Kg5 52. Rxd6 Nf5 53. Rd5 Nxc4
54. Bc3 Kf4 55. Bxa5 Nfe3 56. Rb5 1-0

[Event "Women's Speed Chess Q1"]
[Site "chess.com INT"]
[Date "2021.05.28"]
[Round "1"]
[White "Harika, Dronavalli"]
[Black "Pandey, Srishti"]
[Result "1-0"]
[WhiteTitle "GM"]
[BlackTitle "WFM"]
[WhiteElo "2515"]
[BlackElo "2026"]
[WhiteFideId "5015197"]
[BlackFideId "35093290"]
[EventDate "2021.05.28"]

1. Nf3 Nf6 2. g3 e6 3. c4 d5 4. Bg2 Be7 5. O-O O-O 6. b3 c5 7. Bb2 Nc6 8. e3 b6
9. Nc3 Bb7 10. cxd5 exd5 11. d4 Rc8 12. Re1 Re8 13. Rc1 Bf8 14. Ne2 Ne4 15. Nf4
Ne7 16. Ne5 Ng6 17. Nexg6 hxg6 18. dxc5 bxc5 19. h4 Qd6 20. Rc2 Rcd8 21. Ba3 Qb6
22. Qc1 Rc8 23. Rd1 Red8 24. Kh2 Nf6 25. Kg1 Be7 26. Nd3 Ne4 27. Nf4 Bf8 28. Kh2
Nf6 29. Bb2 Ne4 30. Nh3 Be7 31. Qa1 Bf8 32. Nf4 c4 33. Bxe4 cxb3 34. Rxc8 Rxc8
35. Bxd5 Bxd5 36. Nxd5 Qb7 37. axb3 Rc2 38. Kg1 Qc6 39. Nb4 Bxb4 40. Bxg7 a5 41.
Bh8 Bc3 42. Bxc3 Qxc3 43. Qxc3 Rxc3 44. Ra1 Rxb3 45. Rxa5 Kg7 46. Kg2 Rb2 47.
Kf3 Rb3 48. g4 Rb2 49. Kg3 Rc2 50. Re5 Rb2 51. f3 Ra2 52. e4 Ra3 53. Kf4 Ra7 54.
Rd5 Ra6 55. h5 gxh5 56. gxh5 Ra1 57. Kg4 Rh1 58. f4 Rg1+ 59. Kf3 Rh1 60. Rg5+
Kf6 61. Rf5+ Ke6 62. Re5+ Kf6 63. Rc5 Rh3+ 64. Kg4 Rh1 65. e5+ Kg7 66. Rc7 Rg1+
67. Kf5 Rh1 68. e6 Rxh5+ 69. Ke4 Rh1 70. Rxf7+ Kg6 71. f5+ 1-0

[Event "Women's Speed Chess Q1"]
[Site "chess.com INT"]
[Date "2021.05.28"]
[Round "1"]
[White "Komiagina, Maria"]
[Black "Papp, Petra"]
[Result "0-1"]
[WhiteTitle "WIM"]
[BlackTitle "WGM"]
[WhiteElo "2241"]
[BlackElo "2336"]
[WhiteFideId "4153987"]
[BlackFideId "739049"]
[EventDate "2021.05.28"]

1. e4 c6 2. d4 d5 3. e5 c5 4. dxc5 e6 5. Nf3 Bxc5 6. Bd3 Ne7 7. O-O Nd7 8. c3
Ng6 9. Re1 Qc7 10. Qe2 O-O 11. h3 b6 12. a4 Bb7 13. Bg5 Rfe8 14. Nbd2 h6 15.
Bxg6 fxg6 16. Bf4 Rf8 17. Bg3 Rf5 18. Nh4 Rg5 19. Kh2 Kh7 20. Ndf3 Rh5 21. Qd3
Nf8 22. Nd4 Bxd4 23. cxd4 Rc8 24. Rac1 Qxc1 25. Rxc1 Rxc1 26. Bf4 Ra1 27. g4
Rxh4 28. Bg3 Rxh3+ 29. Kxh3 Rxa4 30. b3 Ra1 31. Qf3 Kg8 32. Bh4 g5 33. Bg3 Ng6
34. Qd3 Kh7 35. Qc3 Rb1 36. Qc2 Rh1+ 37. Kg2 Re1 38. f4 Re4 39. f5 exf5 40. gxf5
Nf4+ 41. Bxf4 gxf4 42. Kf3 Ba6 43. f6 gxf6 44. exf6 Kg6 45. Qc7 Be2+ 46. Kf2
Kxf6 47. Qc6+ Kg7 48. Qxd5 Re7 49. Qf5 f3 50. d5 Bb5 51. d6 Re2+ 52. Kxf3 Re1
53. Qxb5 Rd1 54. d7 Kf6 55. Qc6+ Ke7 56. Qxh6 Kxd7 57. Ke4 Rd6 58. Qg7+ Kc6 0-1